000 00513pab a2200181 454500
008 180718b2015 xxu||||| |||| 00| 0 eng d
100 _aChoithani, Chetan
245 _aAssessing Bihar's coupon-based PDS: Importance of local context
260 _c2015
300 _ap.61-68.
362 _a17 Jan
650 _aPublic distribution system - India - Bihar
650 _aPublic distribution system
700 _aPritchard, Bill
773 _aEconomic and Political Weekly
908 _aN
909 _a106953
999 _c106948
_d106948